Pie in the Face! Quiz Stats

Quiz Updated Mar 14, 2016

Also try: Pie
Challenge
Share
Tweet
Score 0/18 Timer 04:00
0 Plays Today
% Correct
Conan O'Brien
88.4%
Jimmy Fallon
88%
Cher
86.7%
SpongeBob & Squidward
84.3%
Dave Letterman
82.4%
Lucille Ball (I Love Lucy)
81.7%
Larry Fine
78.6%
Krusty & Sideshow Bob
77.4%
Donny & Marie Osmond
74.3%
% Correct
Peter Griffin
71.4%
C. Montgomery Burns
70.2%
Julia Louis-Dreyfus
70%
Jennifer Garner
64.8%
John Ritter (Three's Company)
61.2%
Meryl Streep & Jack Nicholson
59.8%
Brooke Shields
57%
Emma Thompson
51%
Jerry (Parks and Recreation)
49.9%

You're not logged in!

Compare scores with friends on all Sporcle quizzes.
Sign Up with Email
OR
Log In

You Might Also Like...

Show Comments

Extras

Top Quizzes Today


Score Distribution

Your Account Isn't Verified!

In order to create a playlist on Sporcle, you need to verify the email address you used during registration. Go to your Sporcle Settings to finish the process.